000 00527nam a2200181 4500
008 020207s1997 enk engYA
020 _a1856841596
090 _aPN3448
_b.C48
_bT37
100 1 _aThompson, Lynne
245 1 0 _aReturn ticket /
_cLynne Thompson.
260 _aEngland :
_bCrossway Books,
_cc1997.
300 _a187 p.
650 4 _aChristian fiction.
650 4 _aChristian life
_xFiction.
650 4 _aReligious fiction.
951 _p24467
_oPN3448/.C48/T37
_j070613111043031
_d2000-12-21
_cGC
999 _c5929
_d5929